Diablo 3 - Bosses - Statistics

General Stats
  • This quiz has been taken 257 times
    244 since last reset
  • The average score is 7 of 17
Answer Stats
hint Answer % Correct
act 4 Diablo
92%
act 1 Skeleton king
78%
act 1 The Butcher
77%
act 2 Belial
67%
act 3 Azmodan
61%
act 5 Malthael
48%
act 5 Adria
38%
act 4 Izual
35%
act 3 Ghom
28%
act 5 Urzael
28%
act 2 Magdha
24%
act 4 Rakanoth
21%
act 2 Zoltun Kulle
20%
act 3 Siegebreaker Assault Beast
19%
act 3 Cydaea
17%
act 1 Queen Araneae
13%
act 4 Iskatu
11%
No matching quizzes found
Score Distribution
Percent of People with Each Score
Percentile by Number Answered
Your Score History
You have not taken this quiz since the last reset